| 000 | 02006nam a22003135a 4500 | ||
|---|---|---|---|
| 003 | EG-ScBUE | ||
| 005 | 20220316131808.0 | ||
| 008 | 160807s2005 enk f b 000 0 eng d | ||
| 020 | _a0863565972 | ||
| 020 | _a9780863565977 | ||
| 040 |
_aEG-ScBUE _beng _erda _cEG-ScBUE _dEG-ScBUE |
||
| 082 | 0 | 4 |
_a892.709 _bALT _222 |
| 100 | 1 |
_aAltoma, Salih J., _eauthor. _940666 |
|
| 245 | 1 | 0 |
_aModern Arabic literature in translation : _ba companion / _cSalih J. Altoma. |
| 264 | 1 |
_aLondon : _bSaqi, _c2005. |
|
| 300 |
_a166 pages ; _c24 cm |
||
| 336 |
_2rdacontent _atext _btxt |
||
| 337 |
_2rdamedia _aunmediated _bn |
||
| 338 |
_2rdacarrier _avolume _bnc |
||
| 504 | _aIncludes bibliographical references. | ||
| 505 | _aTranslating Najib Mahfuz : his place in American publications -- Arabic fiction, 1947-2003 -- Arabic fiction in English translation : a chronological bibliography, 1947-2003 -- Arabic poetry : an overview of selected anthologies -- Arabic poetry in international anthologies : a partial but positive representation -- Arabic drama. | ||
| 520 | _a"This guide to modern Arabic literature in English translation features not only a comprehensive bibliography but also chapters on fiction, drama, poetry and autobiography. Altoma assesses the progress made towards a wider reception of Arabic writing throughout the Anglophone world, with particular emphasis on Naguib Mahfouz, one of Arabic literature's luminaries, and on poetry. Modern Arabic Literature in Translation is a tool for research and teaching - in the West, certainly, but also in the Arab world, where the translation of Arabic literature into other languages has been of considerable concern for more than a century." | ||
| 650 | 7 |
_aArabic literature _vTranslations into English. _2BUEsh _940667 |
|
| 650 | 7 |
_aArabic literature _xHistory and criticism _y20th century. _2BUEsh _924504 |
|
| 651 | _2BUEsh | ||
| 653 |
_bHHUUEENN _cAugust 2016 _cSeptember2016 _cNovember2018 |
||
| 655 |
_vReading book _934232 |
||
| 942 |
_2ddc _cBB |
||
| 999 |
_c22120 _d22092 |
||